| 000 | 00766nam a22002417a 4500 | ||
|---|---|---|---|
| 005 | 20170124105951.0 | ||
| 010 | _aB-120338 | ||
| 020 |
_c00.00 _a8178270757 |
||
| 035 | _aB-120338 | ||
| 037 | _bCen Lib/Ret | ||
| 040 |
_aDPL _bEN |
||
| 082 |
_a338.9 _bCHA |
||
| 245 |
_aChallenge of sustainable development : _cedited by Ramprasad Sengupta [and] Anup K. Sinha _bindian dynamics / |
||
| 260 |
_aCalcutta _c2003 _bManak publications |
||
| 270 |
_bCalcutta _aIndia institute of management |
||
| 300 |
_a380p. _c23cm(Hb) |
||
| 500 | _aIncludes index | ||
| 650 |
_aEcocomics _913549 |
||
| 650 |
_aSustainable development _97813 |
||
| 700 |
_aSengupta, Ramprasad _913536 |
||
| 700 |
_aSinha, Anup K. _913537 |
||
| 942 |
_2ddc _cEN _h338.9 _mCHA |
||
| 999 |
_c125266 _d125266 |
||